Comparative causal mapping : the CMAP3 method (Record no. 79575)

MARC details
000 -LEADER
fixed length control field 01059nam a2200217 a 4500
008 - FIXED-LENGTH DATA ELEMENTS--GENERAL INFORMATION
fixed length control field 211022s2015 ||||||||||||||||| || u
020 ## - INTERNATIONAL STANDARD BOOK NUMBER
International Standard Book Number 9781472439932
050 ## - LIBRARY OF CONGRESS CALL NUMBER
Classification number HD 30.23 Lau
100 ## - MAIN ENTRY--PERSONAL NAME
Personal name Wang, Mingde
245 10 - TITLE STATEMENT
Title Comparative causal mapping : the CMAP3 method
Statement of responsibility, etc. By Mauri Laukkanen and Mingde Wang
260 ## - PUBLICATION, DISTRIBUTION, ETC.
Place of publication, distribution, etc. Farnham, Surrey
Name of publisher, distributor, etc. Gower
Date of publication, distribution, etc. 2015
300 ## - PHYSICAL DESCRIPTION
Extent xxviii, 239 pages : illustrations
650 #0 - SUBJECT ADDED ENTRY--TOPICAL TERM
Topical term or geographic name entry element DECISION MAKING
650 #0 - SUBJECT ADDED ENTRY--TOPICAL TERM
Topical term or geographic name entry element MANAGEMENT
650 #0 - SUBJECT ADDED ENTRY--TOPICAL TERM
Topical term or geographic name entry element CAUSATION
650 ## - SUBJECT ADDED ENTRY--TOPICAL TERM
Topical term or geographic name entry element COGNITIVE MAPS (PSYCHOLOGY)
700 ## - ADDED ENTRY--PERSONAL NAME
Personal name Laukkanen, Mauri
995 ## -
-- MAIN LIBRARY OPEN ACCESS
-- 751208
-- CBU-MAIN LIBRARY (Kitwe)
-- 42.96
-- HD 30.23 Lau
-- 1
-- AVAILABLE
-- Oct 22, 2021
-- 751208
-- Main Library Open Access Collection
995 ## -
-- MAIN LIBRARY OPEN ACCESS
-- 751209
-- CBU-MAIN LIBRARY (Kitwe)
-- 42.96
-- HD 30.23 Lau
-- 2
-- AVAILABLE
-- Oct 22, 2021
-- 751209
-- Main Library Open Access Collection
995 ## -
-- MAIN LIBRARY OPEN ACCESS
-- 751210
-- CBU-MAIN LIBRARY (Kitwe)
-- 42.96
-- HD 30.23 Lau
-- 3
-- AVAILABLE
-- Oct 22, 2021
-- 751210
-- Main Library Open Access Collection
999 ## -
-- 79575
-- 79575
Holdings
Withdrawn status Lost status Source of classification or shelving scheme Damaged status Not for loan Permanent Location Current Location Shelving location Date acquired Total Checkouts Full call number Barcode Date last seen Copy number Price effective from Koha item type Collection code Source of acquisition
          CBU- LUSAKA CAMPUS CBU- LUSAKA CAMPUS General Stacks 10/07/2024   HD 30.23 Lau 752902 10/07/2024   10/07/2024 MONOGRAPH CBU-Lusaka Campus BOOK AID INTERNATIONAL
          CBU-MAIN LIBRARY, KITWE. CBU-MAIN LIBRARY, KITWE.   06/29/2023   HD 30.23 Lau 751208 06/29/2023 1 06/29/2023 MONOGRAPH    
          CBU-MAIN LIBRARY, KITWE. CBU-MAIN LIBRARY, KITWE.   06/29/2023   HD 30.23 Lau 751209 06/29/2023 2 06/29/2023 MONOGRAPH    
          CBU-MAIN LIBRARY, KITWE. CBU-MAIN LIBRARY, KITWE.   06/29/2023   HD 30.23 Lau 751210 06/29/2023 3 06/29/2023 MONOGRAPH